000 00283nam a2200121 a 4500
001 4140
005 20140414131903.0
008 090218s19uu xx 00 eng d
050 _aFIC
_bG47 1990
100 _aGleitzman, Morris
245 _aThe Other facts of life.
999 _c110748
_d110748